El pensamiento político en Europa, 1250-1450.
Gorde:
| Egile nagusia: | |
|---|---|
| Beste egile batzuk: | |
| Formatua: | Liburua |
| Hizkuntza: | gaztelania |
| Argitaratua: |
Cambridge, USA:
Cambridge University Press,
1996.
|
| Gaiak: | |
| Etiketak: |
Etiketa erantsi
Etiketarik gabe, Izan zaitez lehena erregistro honi etiketa jartzen!
|
MARC
| LEADER | 00000nam a2200000 a 4500 | ||
|---|---|---|---|
| 001 | UCL4659 | ||
| 003 | CL-VaPUC | ||
| 005 | 20250313110308.0 | ||
| 008 | 040123e19960000uk |||||||||||||||||spa|d | ||
| 999 | |c 307468 |d 307466 | ||
| 020 | |a 0521478316 | ||
| 040 | |c Pontificia Universidad Católica de Valparaíso | ||
| 082 | 0 | 4 | |a 320.09 BLA 1996 |2 21 |
| 100 | 1 | |a Black, Antony |e autor |9 482298 | |
| 245 | 1 | 3 | |a El pensamiento político en Europa, 1250-1450. |
| 260 | |a Cambridge, USA: |b Cambridge University Press, |c 1996. | ||
| 300 | |a 324 páginas. | ||
| 500 | |a c.2 Donación Familia Prof. Alejandro Guzmán Brito. | ||
| 583 | |a last modification |c 20130806 04:26:55 |k Rodrigo Vera | ||
| 650 | 0 | |a Filosofía política |9 295215 | |
| 650 | 0 | |a Historia política |9 256974 |z Europa | |
| 650 | 0 | |a Historia de Europa |9 392003 | |
| 700 | 1 | |a Chueca Crespo, Fabián |e traducción |9 865360 | |
| 942 | |c BK |2 ddc |n 0 | ||
| 945 | |d 20040123 00:00:00 |a cmena | ||
| 952 | |0 0 |1 0 |4 0 |6 320_090000000000000_BLA_1996 |7 0 |8 A |9 373441 |a BIBTEO |b BIBTEO |d 2019-11-21 |i 3977099 |o 320.09 BLA 1996 |p 3977099 |r 2025-01-17 |w 2019-11-21 |y BK |k ICR | ||